000
00264nam a22001097a 4500
082
_a
CP-70
100
_a
Muhammad Ahmad Maj.
_9
50921
245
_a
CE-103 Mechanics of solids- 01
_b
OD-84/CED-85
260
_a
MCE
_c
2016
526
_a
0
_b
0
_c
0
_d
CP_70
942
_2
ddc
_c
BK
999
_c
554039
_d
554039